Los recursos hidráulicos de Chile: ensayo metodológico para el análisis económico de un recurso fundamental en el desarrollo de un país
I tiakina i:
| Kaituhi matua: | |
|---|---|
| Hōputu: | Pukapuka |
| Reo: | Pāniora |
| I whakaputaina: |
Santiago
CEPAL-ILPES
1969
|
| Rangatū: | Cuadernos del Instituto Latinoamericano de PLanificación Económica y Social. Serie II, 10. Anticipos de Investigación
|
| Ngā marau: | |
| Ngā Tūtohu: |
Tāpirihia he Tūtohu
Kāore He Tūtohu, Me noho koe te mea tuatahi ki te tūtohu i tēnei pūkete!
|
MARC
| LEADER | 00000cam a2200000 a 4500 | ||
|---|---|---|---|
| 001 | UCQ2054 | ||
| 003 | CL-VaPUC | ||
| 008 | 980721e19690000CL |||||||||||||||||spa|d | ||
| 082 | 0 | 4 | |a 551.483 |b WOL |2 21 |
| 100 | 0 | |a Wollman, Nathaniel |e author |9 415918 | |
| 245 | 1 | 4 | |a Los recursos hidráulicos de Chile: ensayo metodológico para el análisis económico de un recurso fundamental en el desarrollo de un país |
| 300 | |a 119 p | ||
| 942 | |c BK | ||
| 945 | |d 19980721 00:00:00 |a crobeson | ||
| 260 | |a Santiago |b CEPAL-ILPES |c 1969 | ||
| 650 | 7 | |a RECURSOS DE AGUA |2 CL-VaPUC |9 261958 | |
| 650 | 0 | |a Hidrología |9 261396 | |
| 650 | 7 | |a METEOROLOGIA |2 CL-VaPUC |9 260030 | |
| 650 | 0 | |a Agua |9 257149 | |
| 650 | 0 | |a Aguas subterráneas |9 260378 | |
| 650 | 0 | |a Aguas superficiales |9 348468 | |
| 650 | 0 | |a Cuencas Fluviales |9 352343 | |
| 650 | 0 | |a Abastecimiento de agua |9 260374 | |
| 650 | 0 | |a Hidrología |9 261396 | |
| 651 | 7 | |a CHILE |2 CL-VaPUC |9 415919 | |
| 583 | |a last modification |c 20180530 10:15:27 |k Rodrigo Vera | ||
| 490 | 0 | |a Cuadernos del Instituto Latinoamericano de PLanificación Económica y Social. Serie II, 10. Anticipos de Investigación | |
| 999 | |c 272896 |d 272894 | ||
| 952 | |0 0 |1 0 |4 0 |6 551_483000000000000_WOL_1969 |7 0 |8 A |9 308108 |a BIBENE |b BIBENE |d 2019-11-20 |i 1435485 |o 551.483 WOL 1969 |p 1435485 |r 2025-01-15 |w 2019-11-20 |y BK |k ICO | ||
| 952 | |0 0 |1 0 |3 erb |4 0 |6 551_483000000000000_WOL_1969 |7 0 |8 A |9 308109 |a BIBING |b BIBING |i 5027136 |o 551.483 WOL 1969 |p 5027136 |r 2025-01-20 |w 2019-11-20 |y BK |z Catalogado en:20131220 |k GEO | ||